UBT Library

American industry in the war; (Record no. 43256)

000 -LEADER
fixed length control field 00471cam a2200205u 4500
001 - CONTROL NUMBER
control field 9254859
005 - DATE AND TIME OF LATEST TRANSACTION
control field 20180223072332.0
008 - FIXED-LENGTH DATA ELEMENTS--GENERAL INFORMATION
fixed length control field 810220s1941 nyu 000 0 eng
010 ## - LIBRARY OF CONGRESS CONTROL NUMBER
LC control number 41010350
040 ## - CATALOGING SOURCE
Original cataloging agency DLC
Transcribing agency CarP
Modifying agency DLC
041 ## - LANGUAGE CODE
Language code of text/sound track or separate title eng
043 ## - GEOGRAPHIC AREA CODE
Geographic area code n-us---
080 ## - UNIVERSAL DECIMAL CLASSIFICATION NUMBER
Universal Decimal Classification number 941
082 ## - DEWEY DECIMAL CLASSIFICATION NUMBER
Edition number 941 BAR
100 ## - Rafti
Rafti 16
101 ## - Shkurtesa
Shkurtesa HIS
245 10 - TITLE STATEMENT
Title American industry in the war;
906 ## - LOCAL DATA ELEMENT F, LDF (RLIN)
a 0
b cbc
c premunv
d u
e ncip
f 19
g y-gencatlg
942 ## - ADDED ENTRY ELEMENTS (KOHA)
Source of classification or shelving scheme
Item type Books
Holdings
Withdrawn status Lost status Source of classification or shelving scheme Damaged status Not for loan Collection code Permanent location Current location Shelving location Date acquired Total Checkouts Full call number Barcode Date last seen Price effective from Koha item type
          Koleksioni i përgjithshem UBT - Lipjan UBT - Lipjan Koleksioni i përgjithshem 02/23/2018   941 BAR 002-2999692 02/23/2018 02/23/2018 Books
UBT Library © 2015-2024. All rights reserved University Education for Business and Technology